[Event "Foment Martinenc op-C 21st"]
[Site "Barcelona"]
[Date "2019.06.01"]
[Round "6"]
[White "Hernandez Mediavilla, Juan Jose"]
[Black "Rigol Martinez, Axel"]
[Result "0-1"]
[WhiteElo "1609"]
[BlackElo "1774"]
[PlyCount "92"]
[EventDate "2019.04.27"]
[EventType "swiss"]
[EventRounds "9"]
[EventCountry "ESP"]
[SourceTitle "EXT 2020"]
[Source "ChessBase"]
[SourceDate "2019.10.17"]
[SourceVersion "1"]
[SourceVersionDate "2019.10.17"]
[SourceQuality "1"]

1. e4 c5 2. c4 a6 3. a4 Nc6 4. Nf3 e6 5. d4 cxd4 6. Nxd4 Bc5 7. Be3 Qb6 8. Nc2 Bxe3 9. Nxe3 Qxb2 10. Nd2 Qb6 11. Be2 Nge7 12. 0-0 0-0 13. Nf3 Qc7 14. c5 f5 15. Qd6 Qd8 16. e5 f4 17. Nc4 Nd5 18. Bd3 Rb8 19. a5 b5 20. cxb6 Bb7 21. Be4 Nc3 22. Bxc6 Bxc6 23. Qd3 Nb5 24. Nd4 Nxd4 25. Qxd4 Qg5 26. f3 Rf5 27. Nd6 Rxe5 28. Ne4 Bxe4 29. fxe4 d5 30. exd5 exd5 31. Qxf4 Qxf4 32. Rxf4 Re7 33. Rd4 Rd7 34. Rad1 Rbd8 35. Rc1 Kf7 36. Rc7 Ke6 37. Rxd7 Rxd7 38. Kf2 Kd6 39. Ke3 Kc5 40. Ra4 Kb5 41. Ra2 Kc5 42. Rc2+ Kd6 43. Kd4 Re7 44. Rc5 Re4+ 45. Kd3 Kxc5 46. b7 Rb4 0-1

[Event "Foment Martinenc op-C 21st"]
[Site "Barcelona"]
[Date "2019.05.11"]
[Round "3"]
[White "Hernandez Mediavilla, Juan Jose"]
[Black "Vazquez Cortes, Carlos"]
[Result "1/2-1/2"]
[WhiteElo "1609"]
[BlackElo "1721"]
[PlyCount "113"]
[EventDate "2019.04.27"]
[EventType "swiss"]
[EventRounds "9"]
[EventCountry "ESP"]
[SourceTitle "EXT 2020"]
[Source "ChessBase"]
[SourceDate "2019.10.17"]
[SourceVersion "1"]
[SourceVersionDate "2019.10.17"]
[SourceQuality "1"]

1. e4 e6 2. d4 d5 3. exd5 exd5 4. Bd3 Bd6 5. h3 Nc6 6. c3 Be6 7. Be3 Qd7 8. Ne2 Bf5 9. Bf4 Bxd3 10. Qxd3 Nf6 11. Bxd6 Qxd6 12. Nd2 0-0-0 13. 0-0-0 Rde8 14. Rde1 Re7 15. Kd1 Rhe8 16. Ng3 g6 17. Rxe7 Rxe7 18. Re1 h5 19. Rxe7 Nxe7 20. Nf3 Qf4 21. Qe3 Qd6 22. Qe5 Qxe5 23. Nxe5 h4 24. Nf1 Ne4 25. f3 Nd6 26. Ne3 f6 27. N5g4 Ne8 28. f4 Kd7 29. Ke2 Ke6 30. Kf3 Nd6 31. Nf2 Ndf5 32. Nxf5 Kxf5 33. Nd3 b6 34. b3 Nc8 35. Nb4 Ne7 36. a4 c5 37. dxc5 bxc5 38. Nd3 c4 39. bxc4 dxc4 40. Nb2 Nd5 41. Nxc4 Nxc3 42. Nb2 a6 43. a5 Nb5 44. Nd3 Nd4+ 45. Ke3 Nb3 46. Nb4 Nxa5 47. Nxa6 Nc4+ 48. Kf3 Nd2+ 49. Ke3 Nc4+ 50. Kf3 Nb6 51. Nc5 Nd5 52. Nd3 g5 53. fxg5 fxg5 54. Nf2 Kg6 55. Ng4 Nf4 56. Ne3 Nd3 57. Ng4 1/2-1/2

[Event "Foment Martinenc op-C 20th"]
[Site "Barcelona"]
[Date "2018.05.12"]
[Round "4"]
[White "Morales Rubiella, Albert"]
[Black "Hernandez Mediavilla, Juan Jose"]
[Result "0-1"]
[WhiteElo "1672"]
[BlackElo "1706"]
[PlyCount "118"]
[EventDate "2018.04.21"]
[EventType "swiss"]
[EventRounds "9"]
[EventCountry "ESP"]
[SourceTitle "CBM 184 Extra"]
[Source "ChessBase"]
[SourceDate "2018.06.28"]
[SourceVersion "1"]
[SourceVersionDate "2018.06.28"]
[SourceQuality "1"]

1. e4 e5 2. Nf3 Nf6 3. d3 Nc6 4. g3 h6 5. Bg2 Bc5 6. Qe2 d6 7. Be3 Bxe3 8. Qxe3 Bg4 9. Nbd2 Qd7 10. c3 Ne7 11. d4 Ng6 12. dxe5 Nxe5 13. Nxe5 dxe5 14. Nf3 Bxf3 15. Qxf3 Qb5 16. 0-0-0 0-0 17. Rd2 Rfd8 18. Rxd8+ Rxd8 19. Rd1 Rxd1+ 20. Qxd1 Qd7 21. Qxd7 Nxd7 22. Kd2 Kf8 23. Bh3 Nb6 24. Bf1 g5 25. Bd3 Ke7 26. b3 Kd6 27. Ke3 a5 28. a4 Nd7 29. h3 Nc5 30. Bc2 c6 31. f3 Ne6 32. Bd3 Nc5 33. Bc4 f6 34. g4 Nd7 35. Bf7 Kc5 36. Be8 Nf8 37. Bf7 b5 38. axb5 cxb5 39. Kd3 Nd7 40. Kc2 Kb6 41. Be8 Nc5 42. c4 b4 43. Bf7 a4 44. bxa4 Nxa4 45. Kb3 Ka5 46. Kc2 Nc5 47. Be8 Ne6 48. Bd7 Nd4+ 49. Kd3 Kb6 50. Ba4 Nxf3 51. Bd1 Ng1 52. Ke3 Nxh3 53. Kd3 Nf2+ 54. Kc2 Nxe4 55. Kb3 Kc5 56. Bc2 Nf2 57. Bf5 e4 58. Be6 e3 59. Kc2 b3+ 0-1

[Event "Foment Martinenc op-C 20th"]
[Site "Barcelona"]
[Date "2018.05.05"]
[Round "3"]
[White "Hernandez Mediavilla, Juan Jose"]
[Black "Linares Bernet, Ana"]
[Result "1/2-1/2"]
[WhiteElo "1706"]
[BlackElo "1448"]
[PlyCount "79"]
[EventDate "2018.04.21"]
[EventType "swiss"]
[EventRounds "9"]
[EventCountry "ESP"]
[SourceTitle "CBM 184 Extra"]
[Source "ChessBase"]
[SourceDate "2018.06.28"]
[SourceVersion "1"]
[SourceVersionDate "2018.06.28"]
[SourceQuality "1"]

1. e4 e5 2. Nf3 Nc6 3. Bb5 a6 4. Ba4 b5 5. Bb3 d6 6. h3 Na5 7. c3 Nxb3 8. axb3 Nf6 9. d3 Nd7 10. Bg5 Be7 11. Bxe7 Qxe7 12. 0-0 0-0 13. Nbd2 Bb7 14. Nh2 d5 15. b4 dxe4 16. dxe4 c5 17. Qg4 cxb4 18. cxb4 Nf6 19. Qf5 Bc8 20. Qg5 h6 21. Qg3 Qxb4 22. Rfd1 Nxe4 23. Nxe4 Qxe4 24. Re1 Qf4 25. Qc3 Qd4 26. Qc6 Bd7 27. Qc7 Rfc8 28. Qxe5 Qxe5 29. Rxe5 Re8 30. Rd5 Re7 31. Rad1 Ra7 32. Rd6 a5 33. Nf3 a4 34. Rb6 Re2 35. Nd2 Kf8 36. Kf1 Re6 37. Rb8+ Re8 38. Rb6 Re6 39. Rb8+ Re8 40. Rb6 1/2-1/2

[Event "Barcelona La Lira op 36th"]
[Site "Barcelona"]
[Date "2018.02.02"]
[Round "3.17"]
[White "Hernandez Mediavilla, Juan Jose"]
[Black "Sanchez Coves, Juan Josep"]
[Result "0-1"]
[WhiteElo "1299"]
[BlackElo "1533"]
[PlyCount "86"]
[EventDate "2018.01.19"]
[EventType "swiss"]
[EventRounds "8"]
[EventCountry "ESP"]
[SourceTitle "EXT 2024"]
[Source "ChessBase"]
[SourceDate "2023.10.10"]
[SourceVersion "1"]
[SourceVersionDate "2023.10.10"]
[SourceQuality "1"]

1. e4 d5 2. exd5 Qxd5 3. Nc3 Qa5 4. Nf3 Bg4 5. Be2 Nf6 6. h3 Bh5 7. d3 e6 8. Bd2 c6 9. Ne4 Qd8 10. Bg5 Nbd7 11. Nxf6+ Nxf6 12. Ne5 Qa5+ 13. Kf1 Qxe5 14. Bxf6 Bxe2+ 15. Qxe2 Qxe2+ 16. Kxe2 gxf6 17. Rae1 0-0-0 18. Kd1 Bc5 19. f3 f5 20. Kc1 f4 21. Re5 Be3+ 22. Kb1 Rd5 23. Re4 Rg8 24. g4 Kd7 25. Rd1 f5 26. Ra4 fxg4 27. hxg4 h5 28. c4 Rdg5 29. d4 a6 30. d5 exd5 31. cxd5 cxd5 32. Rd3 Rc8 33. a3 hxg4 34. fxg4 Rxg4 35. Rxd5+ Ke6 36. Raa5 b5 37. Rh5 Rc6 38. Rh6+ Kd5 39. Rh8 f3 40. a4 f2 41. Rd8+ Kc4 42. b3+ Kxb3 43. Rd3+ Kb4 0-1

[Event "Barcelona La Lira op 36th"]
[Site "Barcelona"]
[Date "2018.01.19"]
[Round "1.17"]
[White "Hernandez Mediavilla, Juan Jose"]
[Black "Montalban Colell, Bernat"]
[Result "0-1"]
[WhiteElo "1299"]
[BlackElo "1801"]
[PlyCount "48"]
[EventDate "2018.01.19"]
[EventType "swiss"]
[EventRounds "8"]
[EventCountry "ESP"]
[SourceTitle "EXT 2024"]
[Source "ChessBase"]
[SourceDate "2023.10.10"]
[SourceVersion "1"]
[SourceVersionDate "2023.10.10"]
[SourceQuality "1"]

1. e4 c5 2. Nf3 d6 3. d4 cxd4 4. Nxd4 a6 5. Nc3 Nf6 6. Be2 e5 7. Nf3 Be7 8. 0-0 0-0 9. a3 b5 10. b4 Bb7 11. Bd3 Qc7 12. Bb2 Nbd7 13. Re1 Rac8 14. Qe2 Nb6 15. Rac1 Nc4 16. Bxc4 Qxc4 17. Qxc4 Rxc4 18. Nd2 Rc7 19. f3 Nd7 20. Ne2 Bg5 21. Bc3 Rxc3 22. Nxc3 Bxd2 23. Nb1 Bxe1 24. Rxe1 Rc8 0-1

[Event "Barcelona Sant Marti op-B 19th"]
[Site "Barcelona"]
[Date "2017.07.21"]
[Round "9"]
[White "Jimenez Rimblas, Raul"]
[Black "Hernandez Mediavilla, Juan Jose"]
[Result "1-0"]
[WhiteElo "1437"]
[BlackElo "1312"]
[PlyCount "145"]
[EventDate "2017.07.13"]
[EventType "swiss"]
[EventRounds "9"]
[EventCountry "ESP"]
[SourceTitle "EXT 2018"]
[Source "ChessBase"]
[SourceDate "2017.10.13"]
[SourceVersion "1"]
[SourceVersionDate "2017.10.13"]
[SourceQuality "1"]

1. e4 c6 2. Nc3 d6 3. Nf3 Bg4 4. h3 Bh5 5. Be2 Bxf3 6. Bxf3 Nf6 7. d4 Nbd7 8. 0-0 g6 9. e5 dxe5 10. dxe5 Nxe5 11. Re1 Qxd1 12. Bxd1 Ned7 13. Bf3 e6 14. Bf4 Bg7 15. Rad1 0-0 16. g4 Nb6 17. h4 Nfd5 18. Nxd5 Nxd5 19. Be5 Bxe5 20. Rxe5 Rad8 21. h5 Ne7 22. hxg6 Rxd1+ 23. Bxd1 hxg6 24. f4 Rd8 25. Bf3 Kg7 26. Re1 Rd4 27. Re4 Rd2 28. Re2 Rxe2 29. Bxe2 Nd5 30. f5 gxf5 31. gxf5 exf5 32. c3 Kf6 33. Kf2 Ke5 34. Kf3 f6 35. Bd3 c5 36. a3 b6 37. Be2 Nf4 38. Bc4 Nh3 39. b4 Ng5+ 40. Ke3 f4+ 41. Ke2 Nh3 42. bxc5 bxc5 43. a4 Kf5 44. Bd3+ Kg4 45. Be4 Kg3 46. Bf5 Ng5 47. Kd3 f3 48. Kc4 f2 49. Bd3 Ne6 50. Kb5 Kg2 51. Ka6 f1Q 52. Bxf1+ Kxf1 53. Kxa7 Ke2 54. Kb6 c4 55. a5 Kd3 56. a6 Kxc3 57. a7 Kb4 58. a8Q Nd4 59. Qd5 Kc3 60. Qa5+ Kd3 61. Qa3+ c3 62. Kc5 Ne2 63. Qa6+ Kd2 64. Qd6+ Kc2 65. Qxf6 Nc1 66. Kc4 Na2 67. Qf2+ Kb1 68. Kb3 Nc1+ 69. Kxc3 Na2+ 70. Kd2 Kb2 71. Kd3+ Ka3 72. Kc4 Nb4 73. Qc5 1-0

[Event "Barcelona Sant Marti op-B 19th"]
[Site "Barcelona"]
[Date "2017.07.20"]
[Round "8"]
[White "Hernandez Mediavilla, Juan Jose"]
[Black "Orts Gonzalez, Rafael"]
[Result "1-0"]
[WhiteElo "1312"]
[BlackElo "1026"]
[PlyCount "49"]
[EventDate "2017.07.13"]
[EventType "swiss"]
[EventRounds "9"]
[EventCountry "ESP"]
[SourceTitle "EXT 2018"]
[Source "ChessBase"]
[SourceDate "2017.10.13"]
[SourceVersion "1"]
[SourceVersionDate "2017.10.13"]
[SourceQuality "1"]

1. d4 g6 2. c3 Bg7 3. Bf4 a5 4. a4 d6 5. Bg3 Bd7 6. e3 Nf6 7. h3 h5 8. Nf3 Nd5 9. Bc4 Be6 10. Nbd2 Bh6 11. Qe2 Nb6 12. Bd3 Rg8 13. h4 Bg4 14. Qf1 d5 15. Ne5 Ra7 16. Be2 Bf5 17. Bd3 Bxd3 18. Qxd3 Ra6 19. f4 Qc8 20. 0-0 Qe6 21. b3 f5 22. Ndf3 N6d7 23. Qb5 c6 24. Qxb7 Rb6 25. Qc8# 1-0

[Event "Barcelona Sant Marti op-B 19th"]
[Site "Barcelona"]
[Date "2017.07.18"]
[Round "6"]
[White "Hernandez Mediavilla, Juan Jose"]
[Black "Torres Martinez, Jordi"]
[Result "0-1"]
[WhiteElo "1312"]
[BlackElo "1634"]
[PlyCount "98"]
[EventDate "2017.07.13"]
[EventType "swiss"]
[EventRounds "9"]
[EventCountry "ESP"]
[SourceTitle "EXT 2018"]
[Source "ChessBase"]
[SourceDate "2017.10.13"]
[SourceVersion "1"]
[SourceVersionDate "2017.10.13"]
[SourceQuality "1"]

1. d4 Nf6 2. c3 e6 3. Nf3 c5 4. e3 Nc6 5. Be2 cxd4 6. exd4 Be7 7. 0-0 b6 8. Bf4 Nh5 9. Be3 h6 10. Ne5 Nf6 11. Ng4 Bb7 12. Nxf6+ Bxf6 13. Bf4 d5 14. Nd2 0-0 15. Nf3 Re8 16. Ne5 Nxe5 17. Bxe5 Bxe5 18. dxe5 Qg5 19. Qd4 Rf8 20. h4 Qe7 21. Qg4 Rad8 22. Rad1 Qc7 23. f4 Qc5+ 24. Rd4 Qa5 25. a3 Ba6 26. Bxa6 Qxa6 27. f5 exf5 28. Rxf5 Qb5 29. Rd2 Qc4 30. Rf4 Qc7 31. Re2 Rde8 32. Qf5 Re6 33. Rf1 Qc4 34. Rd2 Qxh4 35. Rxd5 Qg3 36. Rf3 Qe1+ 37. Rf1 Qe3+ 38. Rf2 Qc1+ 39. Kh2 Qg5 40. Qe4 f6 41. Rf5 Qc1 42. Rf2 Qg5 43. Qd4 Rxe5 44. Rd7 Qh5+ 45. Kg1 Re1+ 46. Rf1 Rxf1+ 47. Kxf1 Qf5+ 48. Kg1 Kh7 49. b4 Re8 0-1

[Event "Foment Martinenc op-C 19st"]
[Site "Barcelona"]
[Date "2017.06.10"]
[Round "8.24"]
[White "Hernandez Mediavilla, Juan Jose"]
[Black "Farell Duran, Josep"]
[Result "1/2-1/2"]
[WhiteElo "1651"]
[BlackElo "1687"]
[PlyCount "146"]
[EventDate "2017.04.22"]
[EventType "swiss"]
[EventRounds "9"]
[EventCountry "ESP"]
[SourceTitle "EXT 2024"]
[Source "ChessBase"]
[SourceDate "2023.10.10"]
[SourceVersion "1"]
[SourceVersionDate "2023.10.10"]
[SourceQuality "1"]

1. d4 d5 2. c3 Nf6 3. Bg5 Nbd7 4. Nf3 e6 5. e3 h6 6. Bh4 c5 7. Be2 Be7 8. 0-0 0-0 9. Nbd2 c4 10. Ne5 Nh7 11. Bxe7 Qxe7 12. f4 Nxe5 13. fxe5 b5 14. Qc2 Bb7 15. e4 Qg5 16. Nf3 Qe3+ 17. Kh1 dxe4 18. Qd2 Qxd2 19. Nxd2 f5 20. exf6 Rxf6 21. Bg4 Raf8 22. Rxf6 Rxf6 23. Kg1 Rg6 24. Be2 Nf6 25. h3 Rg5 26. Rf1 Rf5 27. g4 Rxf1+ 28. Kxf1 a5 29. a3 Nd7 30. Kf2 e5 31. dxe5 Nxe5 32. Ke3 Nd3 33. Bxd3 exd3 34. Kd4 Bc6 35. b3 cxb3 36. Nxb3 Bg2 37. h4 Bf3 38. g5 hxg5 39. hxg5 Be2 40. Ke3 Kf7 41. Nd4 Kg6 42. Nxb5 Kxg5 43. a4 Kf6 44. Na3 g5 45. Nc4 g4 46. Nxa5 d2 47. Kxd2 Bf3 48. Nb3 g3 49. Ke1 g2 50. Kf2 Bd5 51. Nc1 Ke6 52. Nd3 Kd6 53. Nf4 Bc6 54. a5 Kc5 55. a6 Kb6 56. a7 Kxa7 57. Nxg2 Kb6 58. Ne3 Kc5 59. Ke2 Bb5+ 60. Kd2 Bc4 61. Nxc4 Kxc4 62. Kc2 Kc5 63. Kb3 Kb5 64. c4+ Kc5 65. Kc3 Kc6 66. Kb4 Kb6 67. c5+ Kc6 68. Kc4 Kc7 69. Kb5 Kb7 70. c6+ Kc7 71. Kc5 Kc8 72. Kb6 Kb8 73. c7+ Kc8 1/2-1/2

[Event "Foment Martinenc op-C 19st"]
[Site "Barcelona"]
[Date "2017.06.03"]
[Round "7.29"]
[White "Gordillo Bretones, Jose Luis"]
[Black "Hernandez Mediavilla, Juan Jose"]
[Result "0-1"]
[WhiteElo "1700"]
[BlackElo "1651"]
[PlyCount "75"]
[EventDate "2017.04.22"]
[EventType "swiss"]
[EventRounds "9"]
[EventCountry "ESP"]
[SourceTitle "EXT 2024"]
[Source "ChessBase"]
[SourceDate "2023.10.10"]
[SourceVersion "1"]
[SourceVersionDate "2023.10.10"]
[SourceQuality "1"]

1. d4 d5 2. c4 c6 3. Nf3 Bg4 4. e3 Nf6 5. Be2 Bxf3 6. Bxf3 e6 7. Qb3 Qb6 8. 0-0 Qxb3 9. axb3 Be7 10. c5 0-0 11. b4 Nbd7 12. Be2 a6 13. f4 Ne4 14. Nd2 f5 15. Nf3 g5 16. Bd3 g4 17. Nd2 Ndf6 18. Nxe4 dxe4 19. Bc4 Nd5 20. Bd2 Kg7 21. g3 h5 22. Kf2 h4 23. Rh1 Rh8 24. Rag1 hxg3+ 25. Kxg3 Rh3+ 26. Kf2 Rah8 27. Rg2 Kf6 28. Kg1 Nxe3 29. Bxe3 Rxe3 30. b3 Re1+ 31. Bf1 Rh3 32. Rg3 e3 33. Kg2 e2 34. Rxh3 gxh3+ 35. Kf2 Rxf1+ 36. Rxf1 exf1Q+ 37. Kxf1 Kg6 38. Ke2 0-1

[Event "Foment Martinenc op-C 19st"]
[Site "Barcelona"]
[Date "2017.05.06"]
[Round "3.2"]
[White "San Isidoro Castillo, Jose"]
[Black "Hernandez Mediavilla, Juan Jose"]
[Result "1/2-1/2"]
[WhiteElo "1788"]
[BlackElo "1651"]
[PlyCount "72"]
[EventDate "2017.04.22"]
[EventType "swiss"]
[EventRounds "9"]
[EventCountry "ESP"]
[SourceTitle "EXT 2024"]
[Source "ChessBase"]
[SourceDate "2023.10.10"]
[SourceVersion "1"]
[SourceVersionDate "2023.10.10"]
[SourceQuality "1"]

1. e4 c6 2. d4 d5 3. exd5 cxd5 4. Bf4 Nf6 5. Nf3 Bg4 6. Nbd2 e6 7. Bb5+ Nc6 8. c3 Bd6 9. Bg5 0-0 10. 0-0 h6 11. Bh4 Rc8 12. Qe1 g5 13. Bg3 Ne7 14. Bxd6 Qxd6 15. Bd3 Bf5 16. Qe3 Ng4 17. Qe2 Nf6 18. h3 Kg7 19. Qe3 Nh7 20. Rfe1 Bxd3 21. Qxd3 Qf4 22. Qe2 Nf6 23. Ne5 Qf5 24. Rac1 Nc6 25. Ndf3 Nxe5 26. Nxe5 Qe4 27. Rc2 Qxe2 28. Rcxe2 Rcd8 29. Kf1 Nd7 30. Re3 Nxe5 31. Rxe5 Rg8 32. R5e3 Kh7 33. Rf3 Rdf8 34. b3 b5 35. a3 a6 36. g3 Kg6 1/2-1/2

[Event "Barcelona Tres Peons-C 46th"]
[Site "Barcelona"]
[Date "2017.04.28"]
[Round "2.2"]
[White "Hernandez Mediavilla, Juan Jose"]
[Black "Castro Lanzan, Montse"]
[Result "1-0"]
[WhiteElo "1398"]
[BlackElo "1180"]
[PlyCount "107"]
[EventDate "2017.04.21"]
[EventType "swiss"]
[EventRounds "9"]
[EventCountry "ESP"]
[SourceTitle "EXT 2024"]
[Source "ChessBase"]
[SourceDate "2023.10.10"]
[SourceVersion "1"]
[SourceVersionDate "2023.10.10"]
[SourceQuality "1"]

1. d4 d5 2. e3 Nc6 3. Bb5 Bd7 4. Nf3 Nf6 5. 0-0 e6 6. Nc3 Bd6 7. Ne2 Qe7 8. Bxc6 Bxc6 9. Bd2 0-0-0 10. a3 Ne4 11. Nf4 e5 12. Ne2 g5 13. Ng3 Nxg3 14. fxg3 e4 15. Ne1 Bd7 16. Qh5 Be6 17. Qh6 Rdg8 18. Qf6 Rg6 19. Qxe7 Bxe7 20. Bb4 Bd8 21. Kf2 Rf6+ 22. Ke2 Bg4+ 23. Nf3 h5 24. h3 exf3+ 25. gxf3 Bxh3 26. Rf2 Bd7 27. Rc1 h4 28. gxh4 Rxh4 29. c4 Bc6 30. cxd5 Bxd5 31. e4 Re6 32. Kd3 Bb3 33. d5 Rd6 34. Bxd6 c6 35. Rc3 Ba4 36. b3 Bb5+ 37. Kc2 Kd7 38. Bg3 Rh1 39. dxc6+ Bxc6 40. Rd2+ Ke8 41. Rcd3 Be7 42. Bd6 Bf6 43. Bb4 Re1 44. Bc3 Be7 45. Rh2 f6 46. Rh8+ Kf7 47. Rh7+ Ke6 48. Bxe1 Bxa3 49. b4 Ke5 50. Rxa3 a6 51. Bc3+ Kf4 52. Bxf6 g4 53. Rh4 Kg3 54. Rxg4+ 1-0